A foglalkoztatásra irányuló jogviszony létesítésével, bejelentésével, valamint a jogviszonyok minősítésével kapcsolatos ellenőrzési hatáskörről az elméletben és a gyakorlatban

Elmentve itt :
Bibliográfiai részletek
Szerző: Kapás Hajnalka
További közreműködők: Maszong Attila Zoltán (Témavezető)
Dokumentumtípus: Szakdolgozat
Megjelent: 2015
Tárgyszavak:
Law
Online Access:http://diploma.bibl.u-szeged.hu/63585
LEADER 00926nta a2200193 i 4500
001 dipl63585
005 20220825085237.0
008 220824s2015 hu om 0|| hun d
040 |a SZTE Diploma Repozitórium  |b hun 
041 |a hun 
100 1 |a Kapás Hajnalka 
245 1 2 |a A foglalkoztatásra irányuló jogviszony létesítésével, bejelentésével, valamint a jogviszonyok minősítésével kapcsolatos ellenőrzési hatáskörről az elméletben és a gyakorlatban  |h [elektronikus dokumentum] /  |c Hajnalka Kapás 
246 1 0 |a Creating and Registering Legal Relationships in Employment and Controlling their Assessment in Theory and Practice  |h [elektronikus dokumentum] 
260 |c 2015 
650 4 |a Jogi és igazgatási tanulmányok 
650 4 |a Social sciences 
650 4 |a Law 
700 1 |a Maszong Attila Zoltán  |e ths 
856 4 0 |u https://diploma.bibl.u-szeged.hu/id/eprint/63585/1/2015_kapas_hajnalka.pdf  |z Dokumentum-elérés